000 01055nam0a22002651 4500
001 v19\rc\1437752
005 20060620102017.2
035 _a(NLR Aleph) 004581893
090 _a2540677
_c2540677
100 _a20060620d1879 |||y0rusy50 ca
101 0 _arus
102 _aRU
105 _ay j |||||
200 1 _aПравославные молитвы, с объяснениями, изложенные применительно к программам учебных заведений протоиереем Иоанном Покровским законоучителем Николаевского инженерного училища
205 _a3-е изд., испр.
210 _aСанкт-Петербург
_cФилиппов
_d1879
215 _a[2], 52 с.
_d17
700 1 _aПокровский
_bИ. Г.
_f1834-1902
_gИоанн Гаврилович
801 0 _aRU
_bNLR
_gpsbo
801 0 _aRU
_bRuMoRGB
_2psbo
801 1 _aRU
_bProSoft-M
_2rusmarc
852 _aNLR
_j18.133.4.154
899 _aБАН
942 _cBOOK
980 _aNB